000 00461nam a22001697a 4500
003 MPLRDC
005 20220104123339.0
008 210129b ||||| |||| 00| 0 eng d
082 _a947.16 YSC-2 v.2
100 _a艺术促进研究会编辑
245 _a动物素描. 二: 大动物篇
_c
250 _a七版
260 _a
_b福利文艺事业有限公司
_c1992
300 _b
650 _a一般西洋画法--素描
942 _cBK
_o947.16 YSC-2 v.2
999 _c10673
_d10663